| 000 | 00575aam a2200241 4500 | ||
|---|---|---|---|
| 005 | 20240418132522.0 | ||
| 008 | 150909b xxu||||| |||| 00| 0 spa d | ||
| 020 | _a9701860756 | ||
| 041 | _aESP | ||
| 082 | _a708 W825m | ||
| 100 |
_aWitker, Rodrigo _920906 |
||
| 245 | _aLos museos | ||
| 260 | _aMéxico | ||
| 260 | _bConsejo Nacional Para la Cultura y las Artes | ||
| 260 | _c2001 | ||
| 300 | _a63 páginas | ||
| 650 | _aMUSEOS | ||
| 650 | _aORIGEN DE LOS MUSEOS | ||
| 650 | _aMUSEOS MEXICANOS | ||
| 650 | _aMUSEOLOGÍA | ||
| 942 |
_cBK _2ddc |
||
| 999 |
_c807 _d807 |
||